[Event "Titled Tuesday intern op 28th Dec"]
[Site "Chess.com INT"]
[Date "2021.12.28"]
[Round "4"]
[White "Bodnar, Nikolay"]
[Black "Skliarov, Viktor"]
[Result "1-0"]
[WhiteElo "2438"]
[BlackElo "2387"]
[PlyCount "147"]
[EventDate "2021.12.28"]
[EventType "swiss (blitz)"]
[EventRounds "11"]
[EventCountry "USA"]
[SourceTitle "CBM 206 Extra"]
[Source "ChessBase"]
[SourceDate "2022.03.31"]
[SourceVersion "1"]
[SourceVersionDate "2022.03.31"]
[SourceQuality "1"]

1. e4 c5 2. Nf3 Nc6 3. Bb5 e6 4. O-O Nge7 5. Re1 a6 6. Bf1 d5 7. e5 Ng6 8. d3 Qc7 9. Qe2 Nd4 10. Nxd4 cxd4 11. c3 dxc3 12. d4 cxb2 13. Bxb2 Bd7 14. Nd2 Bb4 15. Rec1 Qb6 16. Nb3 O-O 17. Nc5 Bb5 18. Qe3 Bxc5 19. dxc5 Qc6 20. Bd4 Bxf1 21. Kxf1 Ne7 22. g4 Qb5+ 23. Kg2 Nc6 24. h4 Qa4 25. Rd1 Rfd8 26. h5 Qc2 27. h6 Qe4+ 28. Kg3 Qxe3+ 29. fxe3 f6 30. exf6 e5 31. Bb2 gxf6 32. Rf1 Rf8 33. Rf5 Ne7 34. Rf2 Kf7 35. g5 Ke6 36. gxf6 Rxf6 37. Rxf6+ Kxf6 38. Rb1 Rc8 39. Kf3 Rxc5 40. Ba3 Rc7 41. Rb6+ Kf5 42. Bd6 Rd7 43. Bc5 Nc6 44. a4 d4 45. exd4 exd4 46. Ke2 d3+ 47. Kd2 Ke4 48. Be3 Rf7 49. Rb1 Rf3 50. Re1 Ne5 51. Bb6+ Kd5 52. Kc3 d2+ 53. Kxd2 Nc4+ 54. Ke2 Rh3 55. Bf2 Rxh6 56. Rd1+ Kc6 57. Rc1 b5 58. axb5+ axb5 59. Ra1 Re6+ 60. Kd3 Rf6 61. Ra6+ Kd5 62. Rxf6 Ne5+ 63. Kc2 Ng4 64. Rf5+ Ke4 65. Rf8 h5 66. Bh4 Ne5 67. Rb8 Nc6 68. Rb6 Nd4+ 69. Kc3 Nf3 70. Bf2 h4 71. Rxb5 h3 72. Rh5 h2 73. Bg3 Nh4 74. Rxh4+ 1-0

[Event "Titled Tuesday intern op 28th Dec"]
[Site "Chess.com INT"]
[Date "2021.12.28"]
[Round "4"]
[White "Borsuk, Konstantin"]
[Black "Grabowski, Pawel"]
[Result "0-1"]
[WhiteElo "2436"]
[BlackElo "2281"]
[PlyCount "82"]
[EventDate "2021.12.28"]
[EventType "swiss (blitz)"]
[EventRounds "11"]
[EventCountry "USA"]
[SourceTitle "CBM 206 Extra"]
[Source "ChessBase"]
[SourceDate "2022.03.31"]
[SourceVersion "1"]
[SourceVersionDate "2022.03.31"]
[SourceQuality "1"]

1. d4 Nf6 2. c4 g6 3. Nc3 Bg7 4. e4 O-O 5. Be3 d6 6. f3 c6 7. Bd3 a6 8. c5 b5 9. cxb6 Qxb6 10. Qd2 Nbd7 11. Nge2 c5 12. O-O cxd4 13. Nxd4 Qb7 14. Bc4 Nb6 15. Bb3 Nfd7 16. Nd5 Nc5 17. Nxb6 Qxb6 18. Bd5 Rb8 19. Nc6 Rb7 20. b4 e6 21. bxc5 dxc5 22. Rac1 exd5 23. Bxc5 Qb5 24. Bxf8 Bxf8 25. Qxd5 Qb6+ 26. Qd4 Be6 27. a4 Qb3 28. a5 Rd7 29. Qc3 Qb5 30. Nd4 Qe5 31. Nxe6 Qxe6 32. g3 h5 33. Kg2 h4 34. g4 h3+ 35. Kxh3 Bg7 36. Qe3 Kh7 37. Kg2 Bh6 38. g5 Bg7 39. h4 Rb7 40. Rf2 Rb3 41. Rd1 Rxe3 0-1

[Event "Titled Tuesday intern op 28th Dec"]
[Site "Chess.com INT"]
[Date "2021.12.28"]
[Round "4"]
[White "Broca Jimenez, Fernando"]
[Black "Rangel, Daniel"]
[Result "1/2-1/2"]
[WhiteElo "2075"]
[BlackElo "2196"]
[PlyCount "170"]
[EventDate "2021.12.28"]
[EventType "swiss (blitz)"]
[EventRounds "11"]
[EventCountry "USA"]
[SourceTitle "CBM 206 Extra"]
[Source "ChessBase"]
[SourceDate "2022.03.31"]
[SourceVersion "1"]
[SourceVersionDate "2022.03.31"]
[SourceQuality "1"]

1. e4 c5 2. Nf3 g6 3. d4 cxd4 4. Nxd4 Bg7 5. c4 Nc6 6. Be3 Nf6 7. Nc3 O-O 8. Be2 Nxd4 9. Bxd4 d6 10. Qd2 Bd7 11. Rc1 Bc6 12. f3 Nd7 13. O-O a5 14. b3 Bxd4+ 15. Qxd4 Qb6 16. Rfd1 Qxd4+ 17. Rxd4 Nc5 18. Nd5 Bxd5 19. cxd5 Rfb8 20. Bb5 Rd8 21. Kf1 Kf8 22. Ke2 b6 23. g3 e5 24. Rdc4 Ra7 25. R1c3 f5 26. a3 fxe4 27. fxe4 Kg7 28. b4 axb4 29. axb4 Ra2+ 30. Rc2 Rxc2+ 31. Rxc2 Nb3 32. Rc7+ Kf6 33. Rd7 Rxd7 34. Bxd7 Nd4+ 35. Kd3 Kg5 36. h4+ Kf6 37. b5 h5 38. Ke3 Kg7 39. Bc6 Kh6 40. Kf2 g5 41. Kg2 g4 42. Kf2 Nc2 43. Be8 Nb4 44. Ke3 Nc2+ 45. Kd3 Nd4 46. Ke3 Nf3 47. Kf2 Nh2 48. Kg2 Nf3 49. Kf2 Nd2 50. Ke3 Nc4+ 51. Kd3 Nb2+ 52. Ke3 Na4 53. Kd3 Nc5+ 54. Ke3 Na4 55. Bc6 Nc3 56. Be8 Nd1+ 57. Ke2 Nb2 58. Ke3 Nc4+ 59. Kd3 Na5 60. Ke3 Nb7 61. Bc6 Nc5 62. Be8 Nb7 63. Bc6 Nd8 64. Ba8 Nf7 65. Bc6 Nh8 66. Be8 Ng6 67. Bxg6 Kxg6 68. Kd3 Kf6 69. Ke3 Ke7 70. Kd3 Kd7 71. Ke3 Kc7 72. Kd3 Kb7 73. Ke3 Ka7 74. Kd3 Kb8 75. Ke3 Kc8 76. Kd3 Kd8 77. Ke3 Ke8 78. Kd3 Kf8 79. Ke3 Kg8 80. Kd3 Kg7 81. Ke3 Kh7 82. Kd3 Kh6 83. Ke3 Kg6 84. Kd3 Kh7 85. Ke3 Kg6 1/2-1/2

[Event "Titled Tuesday intern op 28th Dec"]
[Site "Chess.com INT"]
[Date "2021.12.28"]
[Round "4"]
[White "Bures, Vit"]
[Black "Duneas, John"]
[Result "0-1"]
[WhiteElo "2119"]
[BlackElo "2071"]
[PlyCount "84"]
[EventDate "2021.12.28"]
[EventType "swiss (blitz)"]
[EventRounds "11"]
[EventCountry "USA"]
[SourceTitle "CBM 206 Extra"]
[Source "ChessBase"]
[SourceDate "2022.03.31"]
[SourceVersion "1"]
[SourceVersionDate "2022.03.31"]
[SourceQuality "1"]

1. d4 e6 2. c4 f5 3. Nc3 Nf6 4. e3 Be7 5. Bd3 O-O 6. e4 fxe4 7. Nxe4 Nxe4 8. Bxe4 d5 9. Bd3 Nd7 10. Nf3 Bb4+ 11. Bd2 Bxd2+ 12. Qxd2 dxc4 13. Bxc4 Nb6 14. Bb3 Qd6 15. O-O Bd7 16. Rfe1 Rf6 17. Ne5 Raf8 18. Re2 Bb5 19. Rae1 Bxe2 20. Rxe2 Nd5 21. g3 Nb4 22. Nc4 Qe7 23. d5 Nxd5 24. Na5 Qb4 25. Bxd5 Qxd2 26. Rxd2 exd5 27. Nxb7 c6 28. Nc5 Rd8 29. b4 Kf7 30. f4 Re8 31. Kg2 Re3 32. Nd3 Rfe6 33. Ne5+ Ke8 34. Rc2 Ra3 35. Nxc6 Kd7 36. Ne5+ Ke8 37. Rd2 Ra4 38. b5 Rb4 39. Rxd5 Rb2+ 40. Kf3 Rxa2 41. h4 Ra3+ 42. Kg4 g6 0-1

[Event "Titled Tuesday intern op 28th Dec"]
[Site "Chess.com INT"]
[Date "2021.12.28"]
[Round "4"]
[White "Chen, Max"]
[Black "Quirke, Jeffrey"]
[Result "1-0"]
[WhiteElo "1997"]
[BlackElo "2086"]
[PlyCount "67"]
[EventDate "2021.12.28"]
[EventType "swiss (blitz)"]
[EventRounds "11"]
[EventCountry "USA"]
[SourceTitle "CBM 206 Extra"]
[Source "ChessBase"]
[SourceDate "2022.03.31"]
[SourceVersion "1"]
[SourceVersionDate "2022.03.31"]
[SourceQuality "1"]

1. e4 c6 2. d4 d5 3. e5 Bf5 4. c4 e6 5. Nc3 dxc4 6. Bxc4 Ne7 7. Nf3 Nc8 8. O-O Be7 9. Bd3 O-O 10. Bxf5 exf5 11. Qd3 g6 12. Bh6 Re8 13. d5 cxd5 14. Nxd5 Nc6 15. Rad1 Nb6 16. Nxe7+ Qxe7 17. Rde1 Qe6 18. Bg5 Qxa2 19. Bf6 Qc4 20. Qe3 Qb4 21. Qh6 Qf8 22. Qh4 Nd5 23. Bg5 h5 24. h3 Qb4 25. Qg3 a5 26. e6 Rxe6 27. Rxe6 fxe6 28. Bd2 Qe7 29. Qxg6+ Kh8 30. Qxh5+ Kg8 31. Qg6+ Kh8 32. Bg5 Qg7 33. Qxe6 Ndb4 34. Bf6 1-0

[Event "Titled Tuesday intern op 28th Dec"]
[Site "Chess.com INT"]
[Date "2021.12.28"]
[Round "4"]
[White "Cunha, Lucas Aguiar"]
[Black "Terletsky, Oleg"]
[Result "1-0"]
[WhiteElo "2328"]
[BlackElo "2154"]
[PlyCount "113"]
[EventDate "2021.12.28"]
[EventType "swiss (blitz)"]
[EventRounds "11"]
[EventCountry "USA"]
[SourceTitle "CBM 206 Extra"]
[Source "ChessBase"]
[SourceDate "2022.03.31"]
[SourceVersion "1"]
[SourceVersionDate "2022.03.31"]
[SourceQuality "1"]

1. e4 e5 2. Nf3 Nc6 3. Nc3 Nf6 4. Bb5 Bb4 5. O-O O-O 6. d3 d6 7. Bg5 Bxc3 8. bxc3 Qe7 9. Re1 Nd8 10. d4 Ne6 11. Bd2 c5 12. Rb1 Nc7 13. Bd3 a6 14. a4 Rb8 15. a5 Bd7 16. Rb6 Bc6 17. d5 Bb5 18. c4 Be8 19. Qb1 Na8 20. Rxa6 Bd7 21. Ra7 Bg4 22. Nh4 Nxd5 23. cxd5 Qxh4 24. Rxb7 Rbe8 25. a6 f5 26. exf5 Bxf5 27. Bxf5 Rxf5 28. Be3 Ref8 29. g3 Qh3 30. Rb8 Rh5 31. Rxf8+ Kxf8 32. Qb8+ Kf7 33. Qxa8 Qxh2+ 34. Kf1 Qh1+ 35. Ke2 Qe4 36. Qb7+ Kg6 37. Qb3 c4 38. Qc3 Rf5 39. a7 Qf3+ 40. Kd2 Qxd5+ 41. Kc1 Rf8 42. Rd1 Qc6 43. Qb4 d5 44. Qb6 Qxb6 45. Bxb6 d4 46. c3 d3 47. Re1 Kf5 48. f3 Ra8 49. Re4 g5 50. Rxc4 h5 51. Be3 Rh8 52. Rb4 h4 53. gxh4 gxh4 54. Rb8 Rh7 55. a8=Q h3 56. Qe4+ Ke6 57. Rb6+ 1-0

[Event "Titled Tuesday intern op 28th Dec"]
[Site "Chess.com INT"]
[Date "2021.12.28"]
[Round "4"]
[White "Einarsson, Halldor Gretar"]
[Black "Shtyka, Sergey"]
[Result "0-1"]
[WhiteElo "2207"]
[BlackElo "2154"]
[PlyCount "56"]
[EventDate "2021.12.28"]
[EventType "swiss (blitz)"]
[EventRounds "11"]
[EventCountry "USA"]
[SourceTitle "CBM 206 Extra"]
[Source "ChessBase"]
[SourceDate "2022.03.31"]
[SourceVersion "1"]
[SourceVersionDate "2022.03.31"]
[SourceQuality "1"]

1. d4 c5 2. Nf3 cxd4 3. Nxd4 Nc6 4. g3 g6 5. Bg2 Bg7 6. Nb3 Nf6 7. O-O O-O 8. Nc3 d6 9. Re1 Bd7 10. e4 Qc8 11. Nd5 Bh3 12. Nd4 Nxd5 13. Nxc6 bxc6 14. Bxh3 Qxh3 15. exd5 cxd5 16. Qxd5 Rac8 17. c3 Rc5 18. Qg2 Qd7 19. Be3 Rb5 20. Rab1 Rfb8 21. Qe4 d5 22. Qc2 Qb7 23. b3 Rc8 24. Qd3 Rxc3 25. Qd2 Rc8 26. Bd4 Bxd4 27. Qxd4 Rb4 28. Qe5 Re4 0-1

[Event "Titled Tuesday intern op 28th Dec"]
[Site "Chess.com INT"]
[Date "2021.12.28"]
[Round "4"]
[White "Fajdetic, Hrvoje"]
[Black "Gracia Alvarez, Gerardo Antonio"]
[Result "0-1"]
[WhiteElo "2151"]
[BlackElo "2237"]
[PlyCount "92"]
[EventDate "2021.12.28"]
[EventType "swiss (blitz)"]
[EventRounds "11"]
[EventCountry "USA"]
[SourceTitle "CBM 206 Extra"]
[Source "ChessBase"]
[SourceDate "2022.03.31"]
[SourceVersion "1"]
[SourceVersionDate "2022.03.31"]
[SourceQuality "1"]

1. d4 Nf6 2. Bf4 g6 3. Nc3 d5 4. e3 Bg7 5. h4 O-O 6. h5 c5 7. hxg6 hxg6 8. Bh6 Nc6 9. Qd2 Bxh6 10. Rxh6 Kg7 11. Rh4 cxd4 12. exd4 Rh8 13. Rxh8 Qxh8 14. O-O-O Qh6 15. Nf3 Qxd2+ 16. Rxd2 Bf5 17. Ne5 Rh8 18. f3 Rh1 19. Rd1 Nxd4 20. Bd3 Rxd1+ 21. Kxd1 Bxd3 22. Nxd3 e6 23. a4 b6 24. b4 Ne8 25. b5 Nd6 26. Nb4 Kf8 27. Ne2 Nxe2 28. Kxe2 Nc4 29. Nc6 Nb2 30. Nxa7 Nxa4 31. Kd3 Ke8 32. Kd4 f6 33. c4 dxc4 34. Kxc4 Kd7 35. Nc6 Nc5 36. g4 Nb7 37. Nb8+ Kc7 38. Nc6 Nd6+ 39. Kb4 g5 40. Nd4 Kd7 41. Ne2 Nf7 42. Nd4 Ne5 43. Kc3 Kd6 44. Kb4 Nd3+ 45. Kc3 Ne1 46. Kd2 Ng2 0-1

[Event "Titled Tuesday intern op 28th Dec"]
[Site "Chess.com INT"]
[Date "2021.12.28"]
[Round "4"]
[White "Gelman, Alexander"]
[Black "Svane, Frederik"]
[Result "1-0"]
[WhiteElo "2403"]
[BlackElo "2493"]
[PlyCount "61"]
[EventDate "2021.12.28"]
[EventType "swiss (blitz)"]
[EventRounds "11"]
[EventCountry "USA"]
[SourceTitle "CBM 206 Extra"]
[Source "ChessBase"]
[SourceDate "2022.03.31"]
[SourceVersion "1"]
[SourceVersionDate "2022.03.31"]
[SourceQuality "1"]

1. d4 Nf6 2. Nc3 d5 3. Bf4 g6 4. e3 Bg7 5. h4 c6 6. Nf3 h5 7. Ne5 Nbd7 8. Qd2 Nxe5 9. Bxe5 Kf8 10. O-O-O Nd7 11. Bh2 Qa5 12. Kb1 Bf6 13. f3 Kg7 14. e4 dxe4 15. fxe4 e5 16. d5 cxd5 17. exd5 Nc5 18. Qe3 Re8 19. Bb5 Nd7 20. Rhf1 Qb4 21. Rxf6 Kxf6 22. Bxd7 Bxd7 23. Qg5+ Kg7 24. Bxe5+ Kh7 25. Qf6 Rxe5 26. Qxe5 Bf5 27. g3 Qc5 28. a3 Qf2 29. Rc1 Rd8 30. d6 Rd7 31. Nd5 1-0

[Event "Titled Tuesday intern op 28th Dec"]
[Site "Chess.com INT"]
[Date "2021.12.28"]
[Round "4"]
[White "Goltsev, Dmitry"]
[Black "Renjith, Sravan"]
[Result "1-0"]
[WhiteElo "2215"]
[BlackElo "2121"]
[PlyCount "125"]
[EventDate "2021.12.28"]
[EventType "swiss (blitz)"]
[EventRounds "11"]
[EventCountry "USA"]
[SourceTitle "CBM 206 Extra"]
[Source "ChessBase"]
[SourceDate "2022.03.31"]
[SourceVersion "1"]
[SourceVersionDate "2022.03.31"]
[SourceQuality "1"]

1. e4 e5 2. Nf3 Nc6 3. Bb5 Nf6 4. O-O Nxe4 5. d4 Nd6 6. Bxc6 dxc6 7. dxe5 Nf5 8. Qxd8+ Kxd8 9. Rd1+ Ke8 10. Bg5 Be6 11. Nc3 h6 12. Bd2 Rd8 13. g4 Nd4 14. Nxd4 Rxd4 15. h3 h5 16. Bg5 Bc5 17. Rxd4 Bxd4 18. Rd1 c5 19. Nb5 hxg4 20. c3 gxh3 21. cxd4 h2+ 22. Kg2 Bd5+ 23. f3 Bxf3+ 24. Kxf3 h1=Q+ 25. Rxh1 Rxh1 26. dxc5 Kd7 27. Nc3 Ke6 28. Bf4 Rf1+ 29. Ke4 Re1+ 30. Be3 f5+ 31. exf6 gxf6 32. Kd3 Rh1 33. Nb5 c6 34. Nxa7 Kd7 35. b4 Ra1 36. b5 Rxa2 37. b6 Ra3+ 38. Ke4 Ke6 39. Bf4 f5+ 40. Kd4 Ra4+ 41. Ke3 Kd5 42. Bd6 Re4+ 43. Kf3 Ra4 44. Kg3 Ke6 45. Nxc6 Ra3+ 46. Kf2 Ra2+ 47. Kf1 Ra1+ 48. Ke2 Ra2+ 49. Kd1 Ra1+ 50. Kd2 Ra2+ 51. Kc3 Ra3+ 52. Kb4 Ra1 53. Nd8+ Kd7 54. Nxb7 Rb1+ 55. Kc4 Kc8 56. Na5 Kd7 57. Be5 Ke6 58. Bc3 f4 59. Nc6 f3 60. Nd4+ Kd7 61. Nxf3 Ra1 62. Nd4 Ra5 63. Bxa5 1-0

[Event "Titled Tuesday intern op 28th Dec"]
[Site "Chess.com INT"]
[Date "2021.12.28"]
[Round "4"]
[White "Guz, Ari"]
[Black "Matthiesen, Martin"]
[Result "0-1"]
[WhiteElo "2310"]
[BlackElo "2320"]
[PlyCount "54"]
[EventDate "2021.12.28"]
[EventType "swiss (blitz)"]
[EventRounds "11"]
[EventCountry "USA"]
[SourceTitle "CBM 206 Extra"]
[Source "ChessBase"]
[SourceDate "2022.03.31"]
[SourceVersion "1"]
[SourceVersionDate "2022.03.31"]
[SourceQuality "1"]

1. e4 e5 2. Nf3 Nc6 3. Bb5 a6 4. Ba4 Nf6 5. O-O Be7 6. d4 exd4 7. e5 Ne4 8. Nxd4 Nc5 9. Nf5 O-O 10. Qg4 g6 11. Nh6+ Kh8 12. Bxc6 dxc6 13. Qf3 Be6 14. Nc3 Bd5 15. Qg3 Ne4 16. Nxe4 Bxe4 17. c4 Qd3 18. Qf4 Qxc4 19. b3 Qd5 20. Bb2 Bd3 21. Nxf7+ Rxf7 22. e6+ Rg7 23. Qf7 Rag8 24. Qxe7 Bxf1 25. Bxg7+ Rxg7 26. Qf8+ Rg8 27. e7 Qxg2# 0-1

[Event "Titled Tuesday intern op 28th Dec"]
[Site "Chess.com INT"]
[Date "2021.12.28"]
[Round "4"]
[White "Hansen, Sune Berg"]
[Black "Weishaeutel, Moritz"]
[Result "1-0"]
[WhiteElo "2526"]
[BlackElo "2371"]
[PlyCount "71"]
[EventDate "2021.12.28"]
[EventType "swiss (blitz)"]
[EventRounds "11"]
[EventCountry "USA"]
[SourceTitle "CBM 206 Extra"]
[Source "ChessBase"]
[SourceDate "2022.03.31"]
[SourceVersion "1"]
[SourceVersionDate "2022.03.31"]
[SourceQuality "1"]

1. e4 e5 2. Nf3 Nf6 3. d3 Nc6 4. g3 d5 5. exd5 Nxd5 6. Bg2 Be7 7. O-O O-O 8. Re1 Bg4 9. h3 Bh5 10. Nc3 Nxc3 11. bxc3 Bf6 12. Rb1 Rb8 13. g4 Bg6 14. g5 Be7 15. Nxe5 Nxe5 16. Rxe5 Bd6 17. Re1 c6 18. Qg4 Qa5 19. Bd2 Qxa2 20. Rec1 Rfe8 21. Ra1 Qe6 22. Qxe6 Rxe6 23. Be3 a6 24. Rcb1 f5 25. gxf6 gxf6 26. Bf3 f5 27. Ba7 Rbe8 28. Rxb7 Re1+ 29. Rxe1 Rxe1+ 30. Kg2 Rc1 31. Bxc6 Rxc2 32. Bd5+ Kf8 33. Bd4 f4 34. Bf6 Bxd3 35. Rd7 Bc5 36. Rd8# 1-0

[Event "Titled Tuesday intern op 28th Dec"]
[Site "Chess.com INT"]
[Date "2021.12.28"]
[Round "4"]
[White "Havanecz, Bianka"]
[Black "Tsyhanchuk, Stanislav"]
[Result "0-1"]
[WhiteElo "2229"]
[BlackElo "2283"]
[PlyCount "46"]
[EventDate "2021.12.28"]
[EventType "swiss (blitz)"]
[EventRounds "11"]
[EventCountry "USA"]
[SourceTitle "CBM 206 Extra"]
[Source "ChessBase"]
[SourceDate "2022.03.31"]
[SourceVersion "1"]
[SourceVersionDate "2022.03.31"]
[SourceQuality "1"]

1. d4 Nf6 2. c4 Nc6 3. d5 Ne5 4. e3 e6 5. Nc3 Bc5 6. Nf3 Nxf3+ 7. Qxf3 O-O 8. Bd3 d6 9. O-O e5 10. Bc2 Qe7 11. a3 a5 12. b3 Bg4 13. Qg3 Bd7 14. Bb2 g6 15. Kh1 Nh5 16. Qf3 f5 17. Rae1 Rae8 18. Qd1 Qg5 19. Ne2 f4 20. exf4 exf4 21. f3 Rxe2 22. Rxe2 Ng3+ 23. hxg3 Qh5# 0-1

[Event "Titled Tuesday intern op 28th Dec"]
[Site "Chess.com INT"]
[Date "2021.12.28"]
[Round "4"]
[White "Ianov, Viktor"]
[Black "Shymanskyi, Oleksandr"]
[Result "1-0"]
[WhiteElo "2279"]
[BlackElo "2296"]
[PlyCount "65"]
[EventDate "2021.12.28"]
[EventType "swiss (blitz)"]
[EventRounds "11"]
[EventCountry "USA"]
[SourceTitle "CBM 206 Extra"]
[Source "ChessBase"]
[SourceDate "2022.03.31"]
[SourceVersion "1"]
[SourceVersionDate "2022.03.31"]
[SourceQuality "1"]

1. Nf3 Nf6 2. g3 b5 3. Bg2 Bb7 4. O-O e6 5. d3 c5 6. e4 d6 7. Nh4 Qc7 8. f4 Be7 9. f5 Nc6 10. fxe6 fxe6 11. Bh3 Bc8 12. Nc3 a6 13. a4 b4 14. Ne2 O-O 15. Nf4 Nd8 16. Nf3 e5 17. Bxc8 Rxc8 18. Nd5 Nxd5 19. exd5 Qb7 20. Bg5 Bf6 21. Bxf6 Rxf6 22. Ng5 Rxf1+ 23. Qxf1 Qxd5 24. Qh3 Qd4+ 25. Kf1 Qd5 26. Qxc8 Qh1+ 27. Ke2 Qxh2+ 28. Ke3 Qxg3+ 29. Nf3 Qf4+ 30. Ke2 Qf6 31. Rg1 g6 32. Ng5 Kg7 33. Qd7+ 1-0

[Event "Titled Tuesday intern op 28th Dec"]
[Site "Chess.com INT"]
[Date "2021.12.28"]
[Round "4"]
[White "Itkis, Boris"]
[Black "Yedidia, Daniel"]
[Result "1-0"]
[WhiteElo "2343"]
[BlackElo "1991"]
[PlyCount "65"]
[EventDate "2021.12.28"]
[EventType "swiss (blitz)"]
[EventRounds "11"]
[EventCountry "USA"]
[SourceTitle "CBM 206 Extra"]
[Source "ChessBase"]
[SourceDate "2022.03.31"]
[SourceVersion "1"]
[SourceVersionDate "2022.03.31"]
[SourceQuality "1"]

1. c4 e5 2. Nc3 Nf6 3. Nf3 Nc6 4. e4 Bb4 5. d3 O-O 6. a3 Bxc3+ 7. bxc3 d6 8. g3 Nd7 9. Bg2 Ne7 10. Nh4 Nc5 11. O-O f5 12. exf5 Nxf5 13. Nxf5 Bxf5 14. d4 exd4 15. cxd4 Ne4 16. Re1 Re8 17. Qb3 Rb8 18. Bf4 Nf6 19. Bxb7 Kh8 20. Qf3 Bg4 21. Qg2 Rf8 22. Rab1 Bf5 23. Rb5 Bd3 24. Qc6 Re8 25. Rxe8+ Qxe8 26. Qxe8+ Rxe8 27. Be3 Bxc4 28. Ra5 h6 29. Bc6 Rb8 30. Rxa7 Ng4 31. Ra8 Rxa8 32. Bxa8 Bb3 33. Bf3 1-0

[Event "Titled Tuesday intern op 28th Dec"]
[Site "Chess.com INT"]
[Date "2021.12.28"]
[Round "4"]
[White "Jodorcovsky Werjivker, Paulo"]
[Black "Artemenko, Oleg"]
[Result "1-0"]
[WhiteElo "2213"]
[BlackElo "2246"]
[PlyCount "129"]
[EventDate "2021.12.28"]
[EventType "swiss (blitz)"]
[EventRounds "11"]
[EventCountry "USA"]
[SourceTitle "CBM 206 Extra"]
[Source "ChessBase"]
[SourceDate "2022.03.31"]
[SourceVersion "1"]
[SourceVersionDate "2022.03.31"]
[SourceQuality "1"]

1. e4 e6 2. d4 d5 3. Nc3 Nf6 4. Bg5 Bb4 5. e5 h6 6. exf6 hxg5 7. fxg7 Rg8 8. Qh5 Qf6 9. O-O-O Qxg7 10. h4 gxh4 11. Rxh4 Bd7 12. Nf3 Nc6 13. Bb5 Bd6 14. Bxc6 Bxc6 15. g3 O-O-O 16. Kb1 Qf6 17. Ne5 Bxe5 18. dxe5 Qxf2 19. Rf4 Qxg3 20. Rxf7 Rg5 21. Qh7 Qxe5 22. a4 a6 23. Rdf1 d4 24. Na2 d3 25. cxd3 Rg2 26. Nc3 Kb8 27. Rd1 Qd6 28. Qh4 Qc5 29. Qxd8+ Ka7 30. Qxc7 Qb4 31. Nb5+ axb5 32. Qe5 bxa4 33. Rc1 Bd5 34. Qe3+ Qb6 35. Qxb6+ Kxb6 36. Rc2 Rg3 37. Rc3 Bb3 38. Rf1 Rg2 39. Re1 Ka5 40. Kc1 b5 41. Rf1 Kb6 42. Rc8 Bd5 43. Rc3 b4 44. Rc8 Kb5 45. Kb1 a3 46. bxa3 bxa3 47. Ka1 Ra2+ 48. Kb1 Rd2 49. Ka1 a2 50. Rfc1 Rxd3 51. R8c5+ Kb4 52. R5c2 e5 53. Rb2+ Bb3 54. Re2 Rd5 55. Rce1 Ka3 56. Rxe5 Rd3 57. R5e3 Rd2 58. R3e2 Rd4 59. Rb2 Rd3 60. Rbe2 Kb4 61. Re4+ Kc3 62. Rc1+ Kd2 63. Ree1 Re3 64. Rxe3 Kxe3 65. Rc3+ 1-0

[Event "Titled Tuesday intern op 28th Dec"]
[Site "Chess.com INT"]
[Date "2021.12.28"]
[Round "4"]
[White "Kabanova, Ekaterina"]
[Black "Koridze, Lile"]
[Result "1-0"]
[WhiteElo "2138"]
[BlackElo "2001"]
[PlyCount "49"]
[EventDate "2021.12.28"]
[EventType "swiss (blitz)"]
[EventRounds "11"]
[EventCountry "USA"]
[SourceTitle "CBM 206 Extra"]
[Source "ChessBase"]
[SourceDate "2022.03.31"]
[SourceVersion "1"]
[SourceVersionDate "2022.03.31"]
[SourceQuality "1"]

1. c4 e5 2. e3 Nf6 3. a3 d5 4. cxd5 Nxd5 5. Qc2 Nc6 6. Nf3 Bd6 7. b4 O-O 8. Bb2 Qe7 9. h4 h6 10. b5 Nd8 11. Bc4 Nf6 12. Ng5 c6 13. bxc6 Nxc6 14. Nc3 Bd7 15. Nd5 g6 16. Nxe7+ Nxe7 17. h5 hxg5 18. hxg6 Kg7 19. gxf7 Rh8 20. Ke2 Bf5 21. Qb3 b6 22. d4 e4 23. Be6 Bg6 24. d5 Bxf7 25. Qc3 1-0

[Event "Titled Tuesday intern op 28th Dec"]
[Site "Chess.com INT"]
[Date "2021.12.28"]
[Round "4"]
[White "Kamsky, Gata"]
[Black "Ronka, Erik"]
[Result "1-0"]
[WhiteElo "2657"]
[BlackElo "2345"]
[PlyCount "45"]
[EventDate "2021.12.28"]
[EventType "swiss (blitz)"]
[EventRounds "11"]
[EventCountry "USA"]
[SourceTitle "CBM 206 Extra"]
[Source "ChessBase"]
[SourceDate "2022.03.31"]
[SourceVersion "1"]
[SourceVersionDate "2022.03.31"]
[SourceQuality "1"]

1. d4 Nf6 2. Nf3 g6 3. c3 Bg7 4. Bg5 O-O 5. Nbd2 d6 6. e4 c5 7. d5 h6 8. Bh4 e5 9. dxe6 Bxe6 10. Bxf6 Qxf6 11. Bc4 Nd7 12. O-O Nb6 13. Bxe6 fxe6 14. e5 dxe5 15. Ne4 Qe7 16. Qe2 Nd5 17. g3 Nf4 18. gxf4 Rxf4 19. Nfd2 Qh4 20. f3 b6 21. Kh1 h5 22. Rg1 Kh7 23. Qg2 1-0

[Event "Titled Tuesday intern op 28th Dec"]
[Site "Chess.com INT"]
[Date "2021.12.28"]
[Round "4"]
[White "Karavade, Eesha"]
[Black "Liu, Leonardo"]
[Result "1-0"]
[WhiteElo "2345"]
[BlackElo "1767"]
[PlyCount "85"]
[EventDate "2021.12.28"]
[EventType "swiss (blitz)"]
[EventRounds "11"]
[EventCountry "USA"]
[SourceTitle "CBM 206 Extra"]
[Source "ChessBase"]
[SourceDate "2022.03.31"]
[SourceVersion "1"]
[SourceVersionDate "2022.03.31"]
[SourceQuality "1"]

1. Nf3 Nf6 2. d4 g6 3. c4 Bg7 4. Nc3 O-O 5. e4 d6 6. Be2 e5 7. Be3 Nc6 8. d5 Ne7 9. Nd2 Nd7 10. g4 a5 11. h4 h6 12. f3 Nc5 13. Qc2 Bd7 14. O-O-O Nc8 15. h5 g5 16. Nf1 Nb6 17. Bxc5 dxc5 18. Ng3 Qe7 19. Bd3 Nc8 20. Rdf1 Nd6 21. a4 c6 22. Qf2 b6 23. dxc6 Bxc6 24. Nd5 Bxd5 25. exd5 b5 26. axb5 a4 27. Ne4 a3 28. b3 a2 29. Kb2 Rfd8 30. Qxc5 Nxe4 31. Qxe7 Ng3 32. Be4 Bf8 33. Qb7 Nxf1 34. Rxf1 Bc5 35. Qc7 Bd4+ 36. Kc2 Rdc8 37. Qd7 a1=Q 38. Rxa1 Bxa1 39. Bg6 fxg6 40. hxg6 Ra2+ 41. Kb1 Rb2+ 42. Kxa1 Ra8+ 43. Kxb2 1-0

[Event "Titled Tuesday intern op 28th Dec"]
[Site "Chess.com INT"]
[Date "2021.12.28"]
[Round "4"]
[White "Khoroshev, Nikita"]
[Black "Guliev, Logman"]
[Result "0-1"]
[WhiteElo "2327"]
[BlackElo "2260"]
[PlyCount "42"]
[EventDate "2021.12.28"]
[EventType "swiss (blitz)"]
[EventRounds "11"]
[EventCountry "USA"]
[SourceTitle "CBM 206 Extra"]
[Source "ChessBase"]
[SourceDate "2022.03.31"]
[SourceVersion "1"]
[SourceVersionDate "2022.03.31"]
[SourceQuality "1"]

1. e4 c5 2. Nf3 d6 3. Bb5+ Bd7 4. Bxd7+ Nxd7 5. c4 g6 6. Nc3 Bg7 7. O-O Ngf6 8. d3 O-O 9. Ng5 e6 10. f4 Nb6 11. Be3 Rc8 12. f5 exf5 13. exf5 d5 14. fxg6 hxg6 15. Na4 Nxa4 16. Qxa4 Ng4 17. Bf4 dxc4 18. Qxc4 Qd4+ 19. Kh1 Nf2+ 20. Rxf2 Qxf2 21. Ne4 Qxf4 0-1